ESC-Teilnehmer 2025 - Statistiken

Allgemein
  • Dieses Quiz wurde 167 mal gespielt
  • Das Durchschnittsergebnis liegt bei 31 aus 37
Antwortstatistiken
🎤 Land % Korrekt
7. Deutschland
96%
25. Österreich
96%
29. Schweden
96%
9. Finnland
93%
10. Frankreich
93%
13. Italien
93%
30. Schweiz
93%
6. Dänemark
92%
24. Norwegen
92%
5. Belgien
91%
33. Spanien
91%
8. Estland
90%
23. Niederlande
90%
26. Polen
88%
18. Lettland
87%
19. Litauen
87%
27. Portugal
87%
36. Vereinigtes Königreich
86%
12. Griechenland
84%
20. Luxemburg
84%
4. Australien
82%
32. Slowenien
82%
28. San Marino
81%
14. Island
80%
17. Kroatien
80%
1. Albanien
79%
16. Irland
79%
15. Israel
79%
2. Armenien
78%
31. Serbien
78%
34. Tschechien
78%
35. Ukraine
78%
37. Zypern
78%
3. Aserbaidschan
77%
21. Malta
75%
11. Georgien
72%
22. Montenegro
70%
Keine übereinstimmenden Quizze gefunden
Verteilung der Resultate
Anzahl Personen mit jedem Resultat
Perzentil nach korrekt beantworteten Fragen
Ihre Resultats-Entwicklung
Sie haben dieses Quiz noch nicht gespielt